[Event "ESP-ch"]
[Site "Linares"]
[Date "1998.08.16"]
[Round "5"]
[White "Granero Roca, Antonio"]
[Black "Fernandez Garcia, Jose L"]
[Result "1-0"]
[WhiteElo "2370"]
[BlackElo "2450"]

1.d4 Nf6 2.c4 g6 3.Nc3 d5 4.cxd5 Nxd5 5.e4 Nxc3 6.bxc3 Bg7 7.Be3 c5 8.Qd2 Qa5
9.Rb1 b6 10.Bb5+ Bd7 11.Bd3 Nc6 12.Ne2 Rd8 13.h4 h5 14.f4 O-O 15.d5 Bg4 16.Rb5 Qa3
17.Rb3 Qa4 18.Bb5 Qxe4 19.Bxc6 Qxg2 20.Rg1 Qe4 21.Ra3 Bf6 22.Ra4 Bxh4+ 23.Bf2 Qb1+
24.Qc1 Qd3 25.Rxg4 Bxf2+ 26.Kxf2 hxg4 27.Qe3 Qxe3+ 28.Kxe3 f5 29.Rxa7 Kf7
30.Nc1 Rh8 31.Nd3 Rh3+ 32.Ke2 Rh2+ 33.Kf1 Kf6 34.c4 Rd2 35.Ne5 Rh8 36.Kg1 g3
37.Nf3 Rd3 38.Ne5 Rd2 39.Nf3 Rd3 40.Kg2 Rc3 41.d6 exd6 42.Bd5 Rf8 43.Ng5 Rc2+
44.Kxg3  1-0

[Event "AZ Sanace Cup"]
[Site "Olomouc"]
[Date "1998.08.16"]
[Round "9"]
[White "Polak, Tomas"]
[Black "Babula, Vlastimil"]
[Result "1/2-1/2"]
[WhiteElo "2525"]
[BlackElo "2575"]

1.d4 Nf6 2.c4 g6 3.Nc3 d5 4.cxd5 Nxd5 5.e4 Nxc3 6.bxc3 Bg7 7.Nf3 c5 8.Rb1 O-O
9.Be2 cxd4 10.cxd4 Qa5+ 11.Bd2 Qxa2 12.O-O b6 13.Qc1 Bb7 14.Bc4 Qa4 15.Bb5 Qa2
16.Bc4 Qa4 17.Bb5 Qa2 18.Bc4 Qa4  1/2-1/2

[Event "FRA-ch"]
[Site "Meribel"]
[Date "1998.08.20"]
[Round "7"]
[White "Vaisser, Anatoli"]
[Black "Bacrot, Etienne"]
[Result "1/2-1/2"]
[WhiteElo "2575"]
[BlackElo "2555"]

1.d4 Nf6 2.c4 g6 3.Nc3 d5 4.cxd5 Nxd5 5.e4 Nxc3 6.bxc3 Bg7 7.Nf3 c5 8.Rb1 O-O
9.Be2 cxd4 10.cxd4 Qa5+ 11.Qd2 Qxd2+ 12.Bxd2 e6 13.O-O b6 14.Rbc1 Bb7 15.Bb5  1/2-1/2

[Event "Hampstead Rated3"]
[Site "Hampstead"]
[Date "1998.08.22"]
[Round "8"]
[White "Taylor, Peter"]
[Black "Hodgson, John H"]
[Result "1/2-1/2"]
[WhiteElo "2150"]
[BlackElo "2245"]

1.d4 Nf6 2.c4 g6 3.Nc3 d5 4.cxd5 Nxd5 5.e4 Nxc3 6.bxc3 Bg7 7.Be3 c5 8.Qd2 Qa5
9.Rb1 b6 10.Bb5+ Bd7 11.Bd3 O-O 12.Ne2 Nc6 13.dxc5 Ne5 14.cxb6 axb6 15.Bxb6 Qxa2
16.Nc1 Nxd3+ 17.Qxd3 Bxc3+ 18.Kf1 Qa4 19.Qxc3 Bb5+ 20.Ne2 Rfc8 21.Bc5 Bxe2+
22.Kxe2 Qxe4+ 23.Kd2 Qd5+ 24.Qd4 Ra2+ 25.Ke3 Qg5+ 26.Kf3 e5 27.Qe3 e4+ 28.Qxe4 Rxc5
29.Rb8+ Kg7 30.Qd4+ Kh6 31.g4 Rcc2 32.Rf1 Rd2 33.Qe3 Qxe3+ 34.Kxe3 Re2+ 35.Kf3 Reb2  1/2-1/2

[Event "Schwarzach opA"]
[Site "Schwarzach"]
[Date "1998.08.28"]
[Round "7"]
[White "Altukhov, Sergei"]
[Black "Balinov, Ilija"]
[Result "0-1"]
[WhiteElo "2305"]
[BlackElo "2450"]

1.d4 Nf6 2.c4 g6 3.Nc3 d5 4.cxd5 Nxd5 5.e4 Nxc3 6.bxc3 Bg7 7.Be3 c5 8.Qd2 Qa5
9.Rc1 O-O 10.Nf3 Bg4 11.Ng5 Nc6 12.h3 cxd4 13.cxd4 Bd7 14.d5 Qxd2+ 15.Kxd2 Na5
16.Bd3 Rfc8 17.Rxc8+ Rxc8 18.Rc1 Rxc1 19.Kxc1 b6 20.Ba6 f5 21.exf5 Bxf5 22.g4 Bd7
23.Ne6 Be5 24.f4 Bxe6 25.dxe6 Bd6 26.f5 Nc6 27.fxg6 hxg6 28.h4 Be5 29.Bd3 Kg7
30.Be4 Nd4 31.Bd5 Bf4 32.Kd2 Bxe3+ 33.Kxe3 Nb5 34.Kf4 Kf6 35.g5+ Kg7 36.a4 Nc7
37.Ke5 b5 38.Bb3 a5 39.axb5 Nxb5 40.Bc4 Nd6 41.Bb3 Nb5 42.Bc4 Nc7 43.Kd4 Ne8
44.Kc3 Kh7 45.Kb3 Ng7 46.Ka4 Nf5 47.Kxa5 Nxh4 48.Bd5 Nf5 49.Kb6 Nd4 50.Kc7 Kg7
51.Kd7 Kf8 52.Be4 Nf5 53.Kc6 Ng7 54.Kd7 Nf5 55.Kd8 Nd4 56.Kd7 Nf5 57.Bg2 Nd4
58.Bh1 Ne2 59.Bf3 Nf4 60.Bg4 Nd3 61.Be2 Nc5+ 62.Kc6 Nxe6 63.Bd3 Kg7 64.Bb1 Nxg5
65.Kd7 e6 66.Ke7 e5 67.Kd6 e4 68.Ke5 e3 69.Bd3 Nh3 70.Bf1 Ng1 71.Kf4 e2 72.Bxe2 Nxe2+  0-1

[Event "Wiesbaden op"]
[Site "Wiesbaden"]
[Date "1998.08.28"]
[Round "8"]
[White "Herms, Axel"]
[Black "Eg, Karl Heinz"]
[Result "1-0"]
[WhiteElo "2135"]
[BlackElo "2080"]

1.d4 Nf6 2.c4 g6 3.Nc3 d5 4.cxd5 Nxd5 5.e4 Nxc3 6.bxc3 Bg7 7.Nf3 O-O 8.Rb1 c5
9.Qd2 Nc6 10.d5 Ne5 11.Nxe5 Bxe5 12.f4 Bg7 13.Be2 Qa5 14.Rb3 Bd7 15.c4 Qc7
16.e5 Rfd8 17.Bf3 Rab8 18.O-O b5 19.d6 exd6 20.exd6 Qb6 21.Bb2 Bd4+ 22.Bxd4 cxd4
23.Bd5 d3+ 24.Kh1 Bf5 25.g4 Bxg4 26.f5 Rxd6 27.Rxb5 Qc7 28.fxg6 Rxd5 29.gxf7+ Kg7
30.Rxb8 Rf5 31.Rg8+ Kxf7 32.Rxf5+ Bxf5 33.Qg2 Qe5 34.Qg3 Be4+ 35.Kg1 Qd4+
36.Kf1 Qa1+ 37.Kf2 Qxa2+ 38.Ke3 Qe2+ 39.Kd4 Bg6 40.Rb8 Qe7 41.Qf4+ Kg7 42.Qe5+ Qxe5+
43.Kxe5 Kf7 44.c5 Ke7 45.Rb7+ Kd8 46.Kd6 Bf5 47.Rb2 Bc8 48.c6 a6 49.c7+ Ke8
50.Rd2  1-0

[Event "Krynica zt"]
[Site "Krynica"]
[Date "1998.09.03"]
[Round "2"]
[White "Georgiev, Vladimir"]
[Black "Groszpeter, Attila"]
[Result "0-1"]
[WhiteElo "2540"]
[BlackElo "2505"]

1.d4 Nf6 2.c4 g6 3.Nc3 d5 4.cxd5 Nxd5 5.e4 Nxc3 6.bxc3 Bg7 7.Bc4 c5 8.Ne2 Nc6
9.Be3 O-O 10.O-O Qc7 11.Rc1 Rd8 12.Bf4 Qd7 13.Bb5 cxd4 14.cxd4 Bxd4 15.Qa4 Bb6
16.Nc3 Qg4 17.Nd5 Rxd5 18.exd5 Nd4 19.g3 Nf3+ 20.Kh1 Qh3 21.g4 Nh4 22.Rxc8+ Rxc8
23.Qe4 Qxg4 24.Be2 Qf5 25.Qxf5 Nxf5 26.Bd3 Nd6 27.Re1 Kf8 28.Bh6+ Ke8 29.Bg5 Bd8
30.Be3 Rc3 31.Bb1 Bb6 32.Bg5 Rc7 33.Kg2 Kd8 34.h4 Bd4 35.h5 b6 36.a4 Bf6
37.hxg6 hxg6 38.Bf4 Rc4 39.Bxd6 exd6 40.Re4 Rc5 41.Ba2 Be5 42.Rc4 Rxd5 43.Rg4 Ra5
44.Bxf7 g5 45.Rb4 Rc5 46.Rc4 Ke7 47.Rxc5 bxc5 48.Bc4 Kf6 49.Kf3 Bd4 50.Kg3 Ke5
51.Kg4 Bxf2 52.Kxg5 d5 53.Ba2 c4  0-1

[Event "CRO-chT"]
[Site "Porec"]
[Date "1998.09.05"]
[Round "1"]
[White "Martic, Zlatko"]
[Black "Rogulj, Branko"]
[Result "1/2-1/2"]
[WhiteElo "2305"]
[BlackElo "2450"]

1.d4 Nf6 2.c4 g6 3.Nc3 d5 4.cxd5 Nxd5 5.e4 Nxc3 6.bxc3 Bg7 7.Bc4 O-O 8.Ne2 Nc6
9.Bg5 Qd7 10.Qd2 Re8 11.h4 e5 12.d5 Na5 13.Bb3 h5 14.O-O b6 15.c4 Kh7 16.Rac1 Ba6
17.Qc2 Nxb3 18.axb3 c6 19.Nc3 cxd5 20.Nxd5 Bb7 21.Rfd1 Bxd5 22.Rxd5 Qe6 23.Rcd1 Bf8
24.Rd7 Kg8 25.R1d5 Bc5 26.Qd3 a5 27.Rb7 Reb8 28.Rxb8+ Rxb8 29.Rd8+ Rxd8 30.Qxd8+ Kg7
31.Qd5  1/2-1/2

[Event "Krynica zt"]
[Site "Krynica"]
[Date "1998.09.06"]
[Round "5"]
[White "Balogh, Tomas"]
[Black "Jansa, Vlastimil"]
[Result "1/2-1/2"]
[WhiteElo "2425"]
[BlackElo "2490"]

1.d4 Nf6 2.c4 g6 3.Nc3 d5 4.cxd5 Nxd5 5.e4 Nxc3 6.bxc3 Bg7 7.Bb5+ c6 8.Ba4 O-O
9.Ne2 c5 10.O-O Nc6 11.Be3 Na5 12.d5 b6 13.Qc1 e6 14.Rd1 exd5 15.exd5 Bg4
16.f3 Bd7 17.Bg5 Qe8 18.Bxd7 Qxd7 19.Ng3 Nc4 20.Qf4 Nd6 21.Bf6 Rfe8 22.Re1 Nf5
23.Ne4 Rxe4 24.fxe4 Bxf6 25.Qf3 Nd4 26.Qxf6 Nc2 27.Rac1 Nxe1 28.Rxe1 Re8
29.c4 Qe7 30.Qxe7 Rxe7 31.e5 Kf8 32.Kf2 Ke8 33.Kf3 Kd7 34.Ke4 f6 35.e6+ Kd6
36.Rf1 f5+ 37.Kf4 b5 38.Kg5 bxc4 39.Kf6 Re8 40.Kf7 Re7+ 41.Kf8 Rb7 42.h4 c3
43.Re1 Rb8+ 44.Kf7 Kxd5 45.e7 Kd4 46.e8=Q Rxe8 47.Rxe8 c2 48.Re1 Kd3 49.Kg7 Kd2
50.Rh1 c4 51.Kxh7 c3 52.Kxg6 c1=Q 53.Rxc1 Kxc1 54.h5 Kb1 55.h6 c2 56.h7 c1=Q
57.h8=Q Kxa2 58.Qg8+  1/2-1/2

[Event "Karl Wagner mem 5th"]
[Site "Graz"]
[Date "1998.09.08"]
[Round "4.13"]
[White "Ganaus, Hannes"]
[Black "Barbero, Gerardo F"]
[Result "1-0"]
[WhiteElo "2225"]
[BlackElo "2440"]

1.d4 Nf6 2.c4 g6 3.Nc3 d5 4.cxd5 Nxd5 5.e4 Nxc3 6.bxc3 Bg7 7.Bb5+ c6 8.Ba4 O-O
9.Ne2 Nd7 10.O-O e5 11.Bb3 Qe7 12.d5 Nf6 13.d6 Qd8 14.Qd3 Bd7 15.Ng3 Qa5
16.h3 Rad8 17.Qf3 Qc5 18.Rd1 Be6 19.Be3 Qxc3 20.Rac1 Qb4 21.Bc5 Qa5 22.Bxe6 fxe6
23.Qb3 Rf7 24.Qxe6 Bh6 25.Be3 Bxe3 26.fxe3 Qa3 27.Rc2 Kg7 28.Qxe5 Qxe3+ 29.Kh2 Kg8
30.Re2 Qh6 31.Qe6 Kg7 32.e5 Nd5 33.Rxd5 cxd5 34.Qxd5 Qg5 35.Qd4 Qf4 36.Re4 Qf2
37.e6+ Qxd4 38.Rxd4  1-0

[Event "RUS-Cup final"]
[Site "Samara"]
[Date "1998.09.08"]
[Round "10"]
[White "Volkov, Sergey"]
[Black "Dvoirys, Semen I"]
[Result "1-0"]
[WhiteElo "2605"]
[BlackElo "2585"]

1.d4 Nf6 2.c4 g6 3.Nc3 d5 4.cxd5 Nxd5 5.e4 Nxc3 6.bxc3 Bg7 7.Be3 c5 8.Qd2 Qa5
9.Rb1 b6 10.Bb5+ Bd7 11.Be2 O-O 12.Rc1 Rd8 13.d5 Qa4 14.f3 Na6 15.Bg5 f6
16.Bh6 e6 17.h4 Nc7 18.h5 g5 19.Bxg7 Kxg7 20.h6+ Kh8 21.Bd1 Qa3 22.Nh3 exd5
23.Nxg5 Rf8 24.Qf4 Rae8 25.Rc2 Nb5 26.Be2 c4 27.Rh5 Nxc3 28.Bxc4 fxg5 29.Qe3 Nb5
30.Qxg5 Qb4+ 31.Rd2 Re7 32.Qxd5 a6 33.Rg5  1-0

[Event "Elista ol (Men)"]
[Site "Elista"]
[Date "1998.09.29"]
[Round "1"]
[White "Green, Peter"]
[Black "Horvath, Csaba"]
[Result "1/2-1/2"]
[WhiteElo "2265"]
[BlackElo "2540"]

1.d4 Nf6 2.c4 g6 3.Nc3 d5 4.cxd5 Nxd5 5.e4 Nxc3 6.bxc3 Bg7 7.Bc4 c5 8.Be3 Qa5
9.Qd2 cxd4 10.cxd4 Qxd2+ 11.Kxd2 O-O 12.Ne2 Nc6 13.Rhd1 Rd8 14.Ke1 Bd7 15.Rac1 Rac8
16.h3 a6 17.d5 Ne5 18.Bb3 Rxc1 19.Nxc1 Rc8 20.Ne2 a5 21.a4 Nc4 22.Bd4 Nb2
23.Rb1 Bxd4 24.Nxd4 Nxa4 25.Bxa4 Bxa4 26.Rxb7 Rc4 27.Nc6 Rxe4+ 28.Kd2 e6
29.f3 Rc4 30.Ne5 Rd4+ 31.Kc3 Rxd5 32.Nxf7 Rd7 33.Rxd7 Bxd7 34.Ne5 Bb5 35.h4 Kg7
36.Ng4 h5 37.Ne3 Kf6 38.f4 e5 39.fxe5+ Kxe5 40.g4 hxg4 41.Nxg4+ Kf5 42.Ne3+ Ke5
43.Ng4+ Ke6 44.Ne3 Be2 45.Nc2 Kd5 46.Nd4 Bg4 47.Nb5 Ke5 48.Nd4 Bd7 49.Ne2 Bc6
50.Nd4 Bd5 51.Ne2 Be4 52.Nd4 a4 53.Nb5  1/2-1/2

[Event "Elista ol (Men)"]
[Site "Elista"]
[Date "1998.09.29"]
[Round "1"]
[White "Nakamura, Ryuuji"]
[Black "Sakalauskas, Vaidas"]
[Result "0-1"]
[WhiteElo "2110"]
[BlackElo "2410"]

1.d4 Nf6 2.c4 g6 3.Nc3 d5 4.cxd5 Nxd5 5.e4 Nxc3 6.bxc3 Bg7 7.Nf3 c5 8.Rb1 O-O
9.Be2 Nc6 10.d5 Ne5 11.Nxe5 Bxe5 12.Qd2 e6 13.f4 Bc7 14.O-O exd5 15.exd5 Ba5
16.Ba3 b6 17.Rbd1 Bd7 18.Bf3 Qf6 19.Bb2 c4 20.Rfe1 Rfe8 21.h3 b5 22.d6 Rad8
23.Rxe8+ Rxe8 24.Kh2 Bb6 25.g3 Re3 26.Qd5 Qe6 27.Qxe6 Bxe6 28.Kg2 Bxh3+ 29.Kxh3 Rxf3
30.Rd5 Rd3 31.Rxb5 Rxd6 32.Rb4 Rd2 33.a4 Kg7 34.Rb5 Rc2 35.Rb4 Kf6 36.Ba3 Bc5
37.Rb2 Rxb2 38.Bxb2 Kf5  0-1

[Event "Elista ol (Men)"]
[Site "Elista"]
[Date "1998.09.30"]
[Round "2"]
[White "Ovezov, Artek"]
[Black "Urban, Klaudiusz"]
[Result "0-1"]
[WhiteElo "2360"]
[BlackElo "2485"]

1.d4 Nf6 2.c4 g6 3.Nc3 d5 4.cxd5 Nxd5 5.e4 Nxc3 6.bxc3 Bg7 7.Ba3 O-O 8.Bc4 b6
9.Ne2 Bb7 10.Qc2 c5 11.O-O cxd4 12.cxd4 Nc6 13.Rad1 Rc8 14.Qd3 Na5 15.Bb5 Bc6
16.Ba6 Bb7 17.Bxb7 Nxb7 18.Bb4 Qd7 19.Nc3 Rfe8 20.e5 Nd8 21.f4 Nc6 22.Ba3 Qxd4+
23.Qxd4 Nxd4 24.Nd5 Nc6 25.Rc1 e6 26.Ne3 Nd4 27.Kf2 Nb5 28.Bb2 Bf8 29.a4 Nc7
30.Rfd1 Bc5 31.Bd4 Na6 32.Bxc5 Nxc5 33.Rc4 Red8 34.Rcd4 Rxd4 35.Rxd4 Kf8
36.Kf3 Ke7 37.Ke2 Nb3 38.Rb4 Na5 39.Kd2 Rc5 40.g4 Nc6 41.Re4 g5 42.fxg5 Nxe5
43.Ke2 Ng6 44.Nf5+ Kf8 45.Nd6 Rxg5 46.Nb5 a6 47.Nc7 Ra5 48.Rb4 b5 49.axb5 axb5
50.Kf2 Ra4 51.Rxb5 Rxg4 52.Rb7 Rd4 53.Na6 Ne5 54.Nc5 Rc4 55.Na6 Kg7 56.Nc7 Kg6
57.Ne8 Rd4 58.Rb1 Rd2+ 59.Kg3 Rd8 60.Nc7 Rc8 61.Rb7 Rd8 62.Rb1 Rc8 63.Rb7 Kf5
64.Nb5 Rd8 65.Na7 Rd3+ 66.Kf2 Rd7 67.Rxd7 Nxd7 68.Nb5 Kf4 69.Nd4 e5 70.Ne2+ Kg4
71.Kg2 f5 72.h3+ Kg5 73.Kf3 Nf6 74.Nc3 f4 75.Nb5  0-1

[Event "Elista ol (Men)"]
[Site "Elista"]
[Date "1998.09.30"]
[Round "2"]
[White "Janjgava, Lasha"]
[Black "De la Paz, Frank"]
[Result "0-1"]
[WhiteElo "2490"]
[BlackElo "2470"]

1.d4 Nf6 2.c4 g6 3.Nc3 d5 4.cxd5 Nxd5 5.e4 Nxc3 6.bxc3 Bg7 7.Bb5+ c6 8.Ba4 O-O
9.Ne2 a5 10.O-O b5 11.Bc2 b4 12.e5 c5 13.f4 Ba6 14.Be4 Ra7 15.Be3 Rd7 16.Qc2 cxd4
17.cxd4 Rc7 18.Qd2 e6 19.Bf3 Nd7 20.d5 exd5 21.Rfd1 Nc5 22.Bxd5 Qe7 23.Rac1 Rfc8
24.Nd4 Bf8 25.Nf3 Bb7 26.Ng5 Bxd5 27.Qxd5 h6 28.Nf3 Qe6 29.Rc4 a4 30.Rcd4 Qxd5
31.Rxd5 Ne4 32.R5d4 Nc3 33.R1d2 a3  0-1

[Event "Elista ol (Men)"]
[Site "Elista"]
[Date "1998.09.30"]
[Round "2"]
[White "Utnasunov, Alexander"]
[Black "Mohandesi, Shahin"]
[Result "0-1"]
[WhiteElo "2155"]
[BlackElo "2305"]

1.d4 Nf6 2.c4 g6 3.Nc3 d5 4.cxd5 Nxd5 5.e4 Nxc3 6.bxc3 Bg7 7.Bc4 c5 8.Ne2 O-O
9.O-O Nc6 10.Be3 Bg4 11.f3 Bd7 12.Rb1 a6 13.dxc5 Qc7 14.Bf4 Ne5 15.Kh1 e6
16.Bxe5 Bxe5 17.f4 Bg7 18.Qd6 Rfc8 19.Rfd1 Bc6 20.e5 Bf8 21.Qxc7 Rxc7 22.Nd4 Be4
23.Bd3 Bxd3 24.Rxd3 Bxc5 25.Nb3 Be7 26.Nd2 b5 27.g4 Rac8 28.Ne4 Rc4 29.Re1 Ra4
30.Rd7 Kf8 31.Re2 Rac4 32.Ra7 Ra4 33.Rd7 Rd8 34.Rxd8+ Bxd8 35.Kg2 Ba5 36.Kf3 Ra3
37.Rd2 Bxc3 38.Rd3 Bb4 39.Rxa3 Bxa3 40.g5 Be7 41.Ke3 Ke8 42.Kd4 Kd7 43.Nc5+ Bxc5+
44.Kxc5 Kc7 45.h4 Kb7 46.Kd6 a5 47.Kc5 Ka6 48.Kc6 a4 49.Kc5 Ka5 50.a3 Ka6
51.Kc6 Ka5 52.Kc5 Ka6 53.Kc6 b4 54.axb4 a3 55.b5+ Ka5 56.b6 a2 57.b7 a1=Q
58.b8=Q Qc1+ 59.Kd6 Qxf4 60.Ke7 Ka6 61.Qc8+ Kb6 62.Qc3 Kb7 63.Qe1 Kc6 64.Qc3+ Kd5
65.Qe1 Qxe5 66.Qd1+ Qd4 67.Qf3+ Kc5 68.Qa3+ Qb4 69.Qe3+ Kd5+ 70.Kxf7 e5 71.Qd3+ Qd4
72.Qf3+ e4 73.Qb3+ Qc4 74.Qb7+ Kd4+ 75.Kg7 e3 76.Qd7+ Kc3 77.Qh3 Kd2 78.Kxh7 e2
79.Qg2 Qf7+ 80.Kh6 Kd1 81.Qg4 Qf5 82.Qa4+ Ke1 83.Qd4 Kf1 84.Qc4 Kf2 85.Qd4+ Kg2
86.Qd2 Qf2 87.Qd5+ Kg1  0-1

[Event "Elista ol (Men)"]
[Site "Elista"]
[Date "1998.10.02"]
[Round "4"]
[White "Yermolinsky, Alex"]
[Black "Svidler, Peter"]
[Result "1/2-1/2"]
[WhiteElo "2625"]
[BlackElo "2710"]

1.d4 Nf6 2.c4 g6 3.Nc3 d5 4.cxd5 Nxd5 5.e4 Nxc3 6.bxc3 Bg7 7.Be3 c5 8.Qd2 Qa5
9.Nf3 Bg4 10.Rc1 O-O 11.Ng5 cxd4 12.cxd4 Nc6 13.Qxa5 Nxa5 14.Be2 Bxe2 15.Kxe2 Rfc8
16.Nf3 Nc4 17.Nd2 Nxd2 18.Kxd2 Rd8 19.Rc4  1/2-1/2

[Event "Trenque Lauquen Masters"]
[Site "Buenos Aires"]
[Date "1998.10.05"]
[Round "?"]
[White "Llanos, Guillermo"]
[Black "Pierrot, Facundo"]
[Result "1-0"]
[WhiteElo "2425"]
[BlackElo "2420"]

1.d4 Nf6 2.c4 g6 3.Nc3 d5 4.cxd5 Nxd5 5.e4 Nxc3 6.bxc3 Bg7 7.Bb5+ c6 8.Ba4 a5
9.Be3 O-O 10.Ne2 b5 11.Bc2 c5 12.dxc5 Qc7 13.O-O Rd8 14.Qc1 Ba6 15.Rd1 Nd7
16.Nf4 e6 17.Bd4 Nxc5 18.Bxg7 Rxd1+ 19.Qxd1 Kxg7 20.Qf3 Rd8 21.Qg3 Qe5 22.Re1 Rd2
23.Bb1 Na4 24.h4 Qxc3 25.Qg5 f6 26.Nh5+ Kf7 27.Nxf6 Rd5 28.exd5 Qxe1+ 29.Kh2 Qxb1
30.Ng4 Ke8 31.d6  1-0

[Event "Trenque Lauquen Masters"]
[Site "Buenos Aires"]
[Date "1998.10.05"]
[Round "?"]
[White "Recoulat, Eduardo J"]
[Black "Pierrot, Facundo"]
[Result "0-1"]
[WhiteElo "2145"]
[BlackElo "2420"]

1.d4 Nf6 2.c4 g6 3.Nc3 d5 4.cxd5 Nxd5 5.e4 Nxc3 6.bxc3 Bg7 7.Nf3 c5 8.Rb1 O-O
9.Be2 cxd4 10.cxd4 Qa5+ 11.Qd2 Qxd2+ 12.Bxd2 b6 13.d5 Na6 14.Bb5 Bb7 15.O-O Rfc8
16.Rbc1 Nc5 17.Rfe1 e6 18.Bc4 exd5 19.exd5 b5 20.Bxb5 Bxd5 21.Be3 Bf8 22.Bc4 Rd8
23.Bxd5 Rxd5 24.Red1 Nd3 25.Rb1 a5 26.Kf1 Rad8 27.Ke2 a4 28.Ne1 Nb4 29.Rxd5 Nxd5
30.Bd2 Bg7 31.Rb7 Bc3 32.Ra7 Bxd2 33.Kxd2 Nb4+ 34.Ke2 Nxa2 35.Nd3 Nc3+ 36.Kd2 Rc8
37.Ne5 a3 38.Nxf7 a2 39.Nh6+ Kf8 40.Ng4 Rc4 41.Ne3 Na4 42.Nxc4 a1=Q  0-1

[Event "Elista ol (Men)"]
[Site "Elista"]
[Date "1998.10.06"]
[Round "8"]
[White "Magai, Vladimir"]
[Black "Holmsten, Aleksei"]
[Result "1-0"]
[WhiteElo "2535"]
[BlackElo "2400"]

1.d4 Nf6 2.c4 g6 3.Nc3 d5 4.cxd5 Nxd5 5.e4 Nxc3 6.bxc3 Bg7 7.Nf3 O-O 8.Be2 c5
9.Rb1 cxd4 10.cxd4 Qa5+ 11.Bd2 Qxa2 12.O-O Nd7 13.Bb4 Nb6 14.Ra1 Qe6 15.Qb1 Bd7
16.Ra5 Nc8 17.d5 Qb6 18.e5 a6 19.Qe4 Na7 20.Raa1 Nb5 21.Qh4 Rfe8 22.Bxe7 Nc3
23.Bc4 Rac8 24.d6 h6 25.Rfe1 g5 26.Bxg5 Rxc4 27.Qxc4 Rc8 28.Qf4 hxg5 29.Nxg5 Be6
30.Nxe6 fxe6 31.Rac1 Rf8 32.Qg4 Qxf2+ 33.Kh1 Rf5 34.d7 Qd2 35.d8=Q+ Qxd8
36.Rxc3 Qd2 37.Rc8+ Kh7 38.Qh4+ Kg6 39.Re8 Rg5 40.Rg1 Qd5 41.Re7 Rxe5 42.Qg4+ Rg5
43.Rxe6+ Kh7 44.Qe2 a5 45.Re4 b5 46.Rd1 Qf5 47.Rf1 Qd5 48.Rh4+ Bh6 49.Qc2+ Rg6
50.Rf6 Qg5 51.Qc7+ Kg8 52.Qd8+ Kg7 53.Qe7+ Kg8 54.Rf8+  1-0

[Event "New York Manhattan"]
[Site "New York"]
[Date "1998.10.08"]
[Round "1"]
[White "Palatnik, Semon"]
[Black "Ady, Jonathan James"]
[Result "0-1"]
[WhiteElo "2490"]
[BlackElo "2395"]

1.d4 Nf6 2.c4 g6 3.Nc3 d5 4.cxd5 Nxd5 5.e4 Nxc3 6.bxc3 Bg7 7.Bc4 c5 8.Ne2 Nc6
9.Be3 O-O 10.O-O Na5 11.Bd3 Bg4 12.Rc1 e5 13.d5 b6 14.h3 Bd7 15.f4 Nb7 16.f5 Nd6
17.Ng3 Qh4 18.Qg4 Bf6 19.c4 Kh8 20.Kh2 Rg8 21.Qxh4 Bxh4 22.fxg6 hxg6 23.Bd2 Rae8
24.Bc3 Kh7 25.Rf3 Bg5 26.Rcf1 Rgf8 27.Ne2 f5 28.g4 fxe4 29.Rxf8 Rxf8 30.Rxf8 exd3
31.Ng3 Bf4 32.Kg2 Bxg3 33.Rd8 Ne4 34.Rxd7+ Kh6 35.d6 Nxc3 36.Rf7 d2 37.Rf1 Be1
38.g5+ Kxg5 39.d7 d1=Q 40.Rxe1 Qd2+ 41.Kf1 Qxd7 42.Rxe5+ Kf4 43.Re1 Qd3+
44.Kg2 Qg3+ 45.Kh1 Qxe1+ 46.Kg2 Qe2+  0-1

[Event "New York Manhattan"]
[Site "New York"]
[Date "1998.10.11"]
[Round "4"]
[White "Bonin, Jay R"]
[Black "Ashley, Maurice"]
[Result "1-0"]
[WhiteElo "2405"]
[BlackElo "2490"]

1.d4 Nf6 2.c4 g6 3.Nc3 d5 4.cxd5 Nxd5 5.e4 Nxc3 6.bxc3 Bg7 7.Nf3 c5 8.Bb5+ Nc6
9.O-O cxd4 10.cxd4 O-O 11.Be3 Bg4 12.Bxc6 bxc6 13.Rc1 Rc8 14.e5 Be6 15.Qa4 Bd5
16.Nd2 Qd7 17.f3 Rb8 18.Nb3 Qf5 19.Nc5 Rb2 20.Rf2 Rxf2 21.Kxf2 f6 22.e6 Qh5
23.Qxa7 Qxh2 24.Qxe7 f5 25.Nd7 f4 26.Nxf8 Qg3+ 27.Ke2 Qxg2+ 28.Bf2 Qxf3+
29.Ke1 Qh1+ 30.Kd2 Qg2 31.Qf7+ Kh8 32.Qxf4 Bh6 33.Qxh6 Qxf2+ 34.Kc3 Qg3+
35.Kb4 Qd6+ 36.Ka4  1-0

[Event "Elista ol (Men)"]
[Site "Elista"]
[Date "1998.10.12"]
[Round "13"]
[White "Hillarp Persson, Tiger"]
[Black "Oral, Tomas"]
[Result "1-0"]
[WhiteElo "2410"]
[BlackElo "2510"]

1.d4 Nf6 2.c4 g6 3.Nc3 d5 4.cxd5 Nxd5 5.e4 Nxc3 6.bxc3 Bg7 7.Be3 c5 8.Qd2 Qa5
9.Rb1 b6 10.Bb5+ Bd7 11.Bd3 O-O 12.Ne2 Nc6 13.dxc5 Ne5 14.cxb6 axb6 15.O-O Qxa2
16.Rb2 Qa3 17.Rxb6 Rfd8 18.Nd4 Rac8 19.Ba6 Rb8 20.Nc2 Qa4 21.Nb4 Be8 22.Rxb8 Rxb8
23.Be2 Nc6 24.Bc5 Qb3 25.Rc1 Rd8 26.Qe3 Qb2 27.Bf1 Ne5 28.h3 Rd2 29.Re1 Nd7
30.Nd3 Qc2 31.Bxe7 Ne5 32.Rc1 Qa2 33.Nb4 Qb2 34.Rb1 Qxb1 35.Qxd2 f5 36.Qd5+ Nf7
37.Qa8  1-0

[Event "Young Masters"]
[Site "Honra"]
[Date "1998.10.12"]
[Round "3"]
[White "Durao, Pedro"]
[Black "Costa, Fernando JM"]
[Result "1-0"]
[WhiteElo "2140"]
[BlackElo "2115"]

1.d4 Nf6 2.c4 g6 3.Nc3 d5 4.cxd5 Nxd5 5.e4 Nxc3 6.bxc3 Bg7 7.Bc4 O-O 8.Ne2 c5
9.Be3 Nc6 10.O-O Qc7 11.Rc1 Rd8 12.f4 Bg4 13.d5 Na5 14.Bd3 c4 15.Bb1 e6 16.f5 exd5
17.fxg6 hxg6 18.h3 dxe4 19.Qc2 Bxe2 20.Qxe2 Re8 21.Qf2 b6 22.Qh4 Re6 23.Bxe4 Rae8
24.Bd5 Rxe3 25.Rxf7 Qxf7 26.Bxf7+ Kxf7 27.Rf1+ Kg8 28.Qg5 R3e6 29.h4 Bxc3
30.h5 Bd4+ 31.Kh2 Be3 32.Qd5 g5 33.Rf6 Bc5  1-0

[Event "NRW Sportland Cup Masters"]
[Site "Senden"]
[Date "1998.10.12"]
[Round "5"]
[White "Handke, Florian"]
[Black "Wiehagen, Juergen"]
[Result "1-0"]
[WhiteElo "2310"]
[BlackElo "2100"]

1.d4 Nf6 2.c4 g6 3.Nc3 d5 4.cxd5 Nxd5 5.e4 Nxc3 6.bxc3 Bg7 7.Nf3 O-O 8.Be2 c5
9.O-O Nc6 10.Be3 cxd4 11.cxd4 Bg4 12.d5 Na5 13.Rc1 b6 14.Ba6 Bc8 15.Qd3 Bxa6
16.Qxa6 Qd7 17.h3 Rfe8 18.Rfd1 Rac8 19.Bd2 Rxc1 20.Rxc1 f5 21.exf5 Qxf5 22.Qxa7 Qxd5
23.Qxb6 Nb7 24.a4 Nd6 25.a5 Rf8 26.Qc6 Qd3 27.a6 Qa3 28.Be3 Nf5 29.Qc4+ Kh8
30.Bc5 Qa5 31.Ng5 Bf6 32.Ne6 Rc8 33.a7 Nd6 34.Qd5 Nb5 35.Rd1 h6 36.Qb7 Rg8
37.Qb8 Qa4 38.Rd8 Qa1+ 39.Kh2 Be5+ 40.g3  1-0

[Event "New York Manhattan"]
[Site "New York"]
[Date "1998.10.15"]
[Round "8"]
[White "Bonin, Jay R"]
[Black "Ady, Jonathan James"]
[Result "1-0"]
[WhiteElo "2405"]
[BlackElo "2395"]

1.d4 Nf6 2.c4 g6 3.Nc3 d5 4.cxd5 Nxd5 5.e4 Nxc3 6.bxc3 Bg7 7.Bb5+ c6 8.Ba4 O-O
9.Ne2 c5 10.O-O Nc6 11.Bxc6 bxc6 12.Ba3 cxd4 13.Nxd4 Qa5 14.Bxe7 Re8 15.Bb4 Qb6
16.Nb3 a5 17.Bc5 Qb5 18.a4 Qc4 19.Bd4 Rd8 20.Nc5 Bxd4 21.cxd4 Rxd4 22.Rc1 Rxd1
23.Rxc4 Rxf1+ 24.Kxf1 Kf8 25.Rd4 Ke7 26.e5 Rb8 27.Rd6 Rb6 28.Ke2 Be6 29.Ke3 h6
30.h3 Bd5 31.g4 Be6 32.f4 Bd5 33.Rd7+ Ke8 34.Ra7 Rb4 35.Rxa5 Rc4 36.f5 gxf5
37.gxf5 Kd8 38.f6 Rc1 39.e6 Bxe6 40.Nxe6+ fxe6 41.Ra8+  1-0

[Event "Bundesliga 9899"]
[Site "Germany"]
[Date "1998.10.17"]
[Round "1.5"]
[White "Lauber, Arnd"]
[Black "Naumann, Alexander"]
[Result "0-1"]
[WhiteElo "2370"]
[BlackElo "2375"]

1.d4 Nf6 2.c4 g6 3.Nc3 d5 4.cxd5 Nxd5 5.e4 Nxc3 6.bxc3 Bg7 7.Bb5+ c6 8.Ba4 O-O
9.Ne2 c5 10.O-O Nc6 11.Be3 Na5 12.Rb1 Nc4 13.Bg5 Qc7 14.Bb3 Na3 15.Rc1 c4
16.Bc2 b5 17.Qd2 Nxc2 18.Rxc2 Bb7 19.f3 e5 20.Bh6 Bxh6 21.Qxh6 f5 22.exf5 Rxf5
23.Ng3 Rf7 24.Qe3 exd4 25.Qxd4 Rd7 26.Qf2 a5 27.Rb1 Re8 28.Re2 Rxe2 29.Qxe2 Re7
30.Qf2 Qe5 31.Qd2 Bc6 32.Ne4 Bxe4 33.fxe4 Kg7 34.h3 h5 35.Kh1 Rf7 36.Qe3 b4
37.Kg1 Qxc3 38.Qxc3+ bxc3 39.Rc1 Re7 40.Rxc3 Rxe4 41.Kf2 Kf6 42.Kf3 Ke5 43.Ra3 Kd4
44.Rxa5 Re6 45.Ra8 c3 46.a4 c2  0-1

[Event "VAM Hoogeveen op"]
[Site "Hoogeveen"]
[Date "1998.10.17"]
[Round "2"]
[White "Gofshtein, Leonid D"]
[Black "Van Beek, Lucien"]
[Result "1-0"]
[WhiteElo "2500"]
[BlackElo "2315"]

1.d4 Nf6 2.c4 g6 3.Nc3 d5 4.cxd5 Nxd5 5.e4 Nxc3 6.bxc3 Bg7 7.Bc4 O-O 8.Ne2 c5
9.Be3 Nc6 10.h4 cxd4 11.cxd4 Qa5+ 12.Kf1 Rd8 13.h5 Ne5 14.Bb3 Ng4 15.Bd2 Qa6
16.hxg6 hxg6 17.Kg1 Be6 18.d5 Bxa1 19.Qxa1 f6 20.Qe1 Bf7 21.f3 Qb6+ 22.Kf1 Kg7
23.fxg4 Rh8 24.Rh3 a5 25.Qf2 Qa6 26.Qd4 Rxh3 27.gxh3 Rd8 28.Bc4 Qd6 29.Bxa5 Ra8
30.Bc3 Qh2 31.Qe3 Rc8 32.Bb3 Be8 33.e5 Bb5 34.exf6+ exf6 35.Qe7+ Kh6 36.Bd2+ g5
37.Qxf6+ Kh7 38.Qf5+ Kg7 39.Qxg5+ Kh7 40.Qh6+ Kg8 41.d6+  1-0

[Event "Wch U16"]
[Site "Oropesa del Mar"]
[Date "1998.10.25"]
[Round "1"]
[White "Leal, Joao Victor"]
[Black "Khamrakulov, Ibragim S"]
[Result "0-1"]
[WhiteElo "2030"]
[BlackElo "2315"]

1.d4 Nf6 2.c4 g6 3.Nc3 d5 4.cxd5 Nxd5 5.e4 Nxc3 6.bxc3 Bg7 7.Bc4 O-O 8.Ne2 e5
9.O-O Nc6 10.Be3 Qe7 11.Qc1 a6 12.Bb3 Rd8 13.Bh6 Bh8 14.dxe5 Na5 15.Bc2 Bg4
16.f3 Be6  0-1

[Event "Wch U18"]
[Site "Oropesa del Mar"]
[Date "1998.10.26"]
[Round "2"]
[White "Iljushin, Alexei"]
[Black "Jensson, Einar Hjalti"]
[Result "1/2-1/2"]
[WhiteElo "2470"]
[BlackElo "2185"]

1.d4 Nf6 2.c4 g6 3.Nc3 d5 4.cxd5 Nxd5 5.e4 Nxc3 6.bxc3 Bg7 7.Be3 c5 8.Qd2 Qa5
9.Nf3 Nc6 10.Rc1 cxd4 11.cxd4 Qxd2+ 12.Kxd2 O-O 13.d5 Rd8 14.Ke1 Nb4 15.Bd2 Na6
16.Bxa6 bxa6 17.Ba5 Rd7 18.Nd2 f5 19.f3 fxe4 20.fxe4 e6 21.dxe6 Re7 22.Bc3 Bxe6
23.Bxg7 Kxg7 24.a3 Bd5 25.Kd1  1/2-1/2